Guess the Sabrina Carpenter song from the first lyric #2 - Statistics

General Stats
  • This quiz has been taken 70 times
  • The average score is 12 of 20
Answer Stats
Hint Answer % Correct
i said i wanted thin mints and you said you knew a guy / you showed up with a boombox and stars in your eyes because i liked a boy
90%
i was in a sheer dress the day that we met / we were both in a rush, we talked for a sec bed chem
88%
somewhere in the world there is a father and a mother / and the father is a son who has a mother thumbs
86%
(mmm, ahh) don't have to tell your hot ass a thing, oh yeah, you just get it juno
82%
____ _____ because it happened, baby, cry because it's over don't smile
78%
don't swear on your mom / that it's the first drink that you've had in like a month lie to girls
71%
we were never in the park / talking on a see-saw, teetering with our feelings in the dark tornado warnings
71%
oh, so you do have a type and it's not me / oh, so you can reply, just to not me / if you wanted brown eyes, i coulda got contacts opposite
69%
maybe we could've been friends / if i met you in another life skin
67%
sun's up too soon like daylight savings / mixed emotions are congregating fast times
65%
one year, ten thousand bad moments / but it was dressed up in heated emotion vicious
65%
you used a fork once / it turns out forks are fucking everywhere how many things
53%
we been talking for hours 'bout how we shouldn't talk for hours on end / kissing after a conversation 'bout how we'd probably be better off as friends already over
51%
if i fall in love with all my problems will they leave me too? lonesome
49%
here i am again, the same old situation / why does the guy thing have to be so complicated? can't blame a girl for trying
47%
(yeah-yeah-yeah) the moment when the light is red before the go / the moment when the curtain's down before the show almost love
41%
we all got nightmares in our dreams / we look for someone to believe in us and show us the way, and make it okay shadows
35%
(oh, oh) our love was running into a burning building / (oh, oh) our love is scattered ash with a burnt up feeling smoke and fire
31%
i don't wanna buy what they're selling these days, saying feeling and falling is all a mistake no, no run and hide
29%
you're not asking for much, but it just seems like a lot and kinda confused, don't know what to choose, but baby it's hard for me / i'm not ready for your love feels like loneliness
24%
No matching quizzes found
Score Distribution
Percent of People with Each Score
Percentile by Number Answered
Your Score History
You have not taken this quiz